|
|
|
|
| LEADER |
00000njm a2200000 a 4500 |
| 001 |
vtls008417303 |
| 003 |
SK-MaSNL |
| 005 |
20260301123732.0 |
| 007 |
sd fsngnnmmned |
| 008 |
051209p2004 xo ppn g slo |
| 015 |
|
|
|a SNBJ2007
|
| 028 |
0 |
1 |
|a GR 0017 2 311
|b Gregor Agency
|
| 040 |
|
|
|a SNK
|b slo
|c SNK
|e AACR2
|
| 041 |
0 |
|
|a slo
|
| 044 |
|
|
|a xo
|c SK
|
| 072 |
|
7 |
|a 784
|x Vokálna hudba
|2 konspekt
|
| 080 |
|
|
|a 784.4
|2 2001
|
| 080 |
|
|
|a (086.76)
|2 2001
|
| 245 |
0 |
0 |
|a Puding pani Elvisovej. Automati
|h zvukový záznam
|
| 246 |
3 |
0 |
|a Automati
|
| 260 |
|
|
|a Bratislava
|b Gregor Agency - g.a. records
|c 2004
|
| 300 |
|
|
|a 1 zvuková platňa
|b digital, stereo
|c 12 cm
|
| 500 |
|
|
|a Obsahuje 13 piesní + video + audio
|
| 511 |
0 |
|
|a Účinkuje hudobná skupina Puding pani Elvisovej, Jana Kirschner (01 audio)
|
| 518 |
|
|
|a Natočené 03/2003-07/2004 chata, skúšobňa dk nivy, doma
|
| 650 |
0 |
7 |
|a populárne piesne
|2 SNKPH
|9 3446
|
| 655 |
|
7 |
|a kompaktné platne
|2 SNKPH
|9 70690
|
| 700 |
1 |
|
|a Kirschner, Jana,
|d 1978-
|4 sng
|9 111011
|
| 710 |
2 |
|
|a Puding pani Elvisovej (hudobná skupina)
|4 prf
|9 30273
|
| 999 |
|
|
|c 737270
|d 739200
|
| 952 |
|
|
|a SNK
|b SNK
|y PREZ
|7 0
|p 17A0493107
|o snkSCD 1775
|i snk2005/20929
|8 3
|g 10.95
|0 0
|1 0
|4 0
|d 2005-12-09
|l 0
|r 2026-02-23 22:48:20
|w 2026-02-23
|